Gaming Quiz

Random Gaming or Pokémon Quiz

Pokémon in German (Gen IV) Quiz Stats

 Plays Quiz not verified by Sporcle

Challenge
Share
Tweet
Embed
Score 0/107 Timer 12:00
0 Plays Today
DEX Pokémon % Correct
387Chelast
100%
391Panpyro
100%
392Panferno
100%
393Plinfa
100%
395Impoleon
100%
390Panflam
98%
394Pliprin
96.1%
396Staralili
96.1%
483Dialga
96.1%
484Palkia
96.1%
487Giratina
96.1%
388Chelcarain
94.1%
397Staravia
94.1%
398Staraptor
94.1%
399Bidiza
94.1%
400Bidifas
94.1%
403Sheinux
94.1%
404Luxio
94.1%
405Luxtra
94.1%
480Selfe
94.1%
481Vesprit
94.1%
482Tobutz
94.1%
389Chelterrar
92.2%
407Roserade
92.2%
443Kaumalat
92.2%
445Knakrack
92.2%
461Snibunna
92.2%
491Darkrai
92.2%
409Rameidon
90.2%
444Knarksel
90.2%
466Elevoltek
90.2%
467Magbrant
90.2%
408Koknodon
86.3%
410Schilterus
86.3%
488Cresselia
86.3%
406Knospi
84.3%
DEX Pokémon % Correct
478Frosdedje
84.3%
485Heatran
84.3%
490Manaphy
84.3%
492Shaymin
84.3%
411Bollterus
82.4%
479Rotom
82.4%
489Phione
82.4%
418Bamelin
80.4%
419Bojelin
80.4%
429Traunmagil
80.4%
430Kramshef
80.4%
447Riolu
80.4%
448Lucario
80.4%
493Arceus
80.4%
402Zirpeise
78.4%
412Burmy
78.4%
425Driftlon
78.4%
413Burmadame
76.5%
422Schalellos
76.5%
423Gastrodon
76.5%
426Drifzepeli
76.5%
472Skorgro
76.5%
486Regigigas
76.5%
401Zirpurze
74.5%
414Moterpel
74.5%
420Kikugi
74.5%
421Kinoso
74.5%
431Charmian
74.5%
432Shnurgarst
74.5%
453Glibunkel
74.5%
454Toxiquak
74.5%
460Rexblisar
74.5%
462Magnezone
74.5%
475Galagladi
74.5%
442Kryppuk
72.5%
459Shnebedeck
72.5%
DEX Pokémon % Correct
468Togekiss
72.5%
471Glaziola
72.5%
436Bronzel
70.6%
437Bronzong
70.6%
464Rihornior
70.6%
465Tangoloss
70.6%
470Folipurba
70.6%
438Mobai
68.6%
451Pionskora
68.6%
452Piondragi
68.6%
473Mamutel
66.7%
415Wadribie
64.7%
416Honweisel
64.7%
439Pantimimi
64.7%
440Wonneira
64.7%
417Pachirisu
62.7%
435Skuntank
62.7%
450Hippoterus
62.7%
463Schlurplek
62.7%
469Yanmega
62.7%
474Porygon-Z
62.7%
427Haspiror
60.8%
428Schlapor
60.8%
477Zwirrfinst
60.8%
449Hippopotas
58.8%
434Skunkapuh
56.9%
446Mampfaxo
56.9%
455Venuflibis
56.9%
476Voluminas
56.9%
433Klingplim
54.9%
457Lumineon
54.9%
456Finneon
52.9%
441Plaudagei
51%
424Ambidiffel
49%
458Mantirps
49%

You're not logged in!

Compare scores with friends on all Sporcle quizzes.
OR
Log In

You Might Also Like...

Show Comments

Extras

Top Quizzes Today


Score Distribution

Your Account Isn't Verified!

In order to create a playlist on Sporcle, you need to verify the email address you used during registration. Go to your Sporcle Settings to finish the process.

Report this User

Report this user for behavior that violates our Community Guidelines.

Details: